Palabras en El Quijote - ¡Muerte Súbita! - Estadísticas

Estadísticas generales
  • Esta prueba ha sido intentada 2.322 veces
    2.312 desde el último reinicio
  • La puntuación promedio es 6 de 20
Answers on the Grid
Answers color-coded by a green-red scale on the quiz's grid according to % correct below.
Adarga
Agravio
Alevosía
Andorra
Bravura
Cobarde
Compañero
Deporte
Descomunales
Donoso
Epopeya
Filisteo
Follaje
Golondrina
Heroísmo
Hidalgo
Idealismo
Ínsula
Labradores
Málaga
Manzana
Merienda
Molino
Nostalgia
Ordinario
Platicar
Pocilga
Portugal
Quijotesco
Rocín
Rucio
Rusia
Sangre
Taburete
Teólogos
 
Estadísticas de respuestas
Respuesta % Correcto
P.1 Capítulo XXVIII Agravio
54%
P.1 Capítulo I Cobarde
53%
P.1 Capítulo II Compañero
53%
Está en el título Hidalgo
51%
P.1 Capítulos III, XXVII Alevosía
48%
P.1 Capítulo II Molino
38%
P.1 Capítulo I Rocín
33%
P.1 Capítulo I, III Adarga
31%
P.1 Capítulo IV Sangre
30%
P.1 Capítulo LVI Descomunales
28%
Parte 1, Prólogo Filisteo
24%
P.1 Capítulo I Ínsula
23%
P.1 Capítulo XXIII Rucio
21%
P.1 Capítulo XII Labradores
20%
P.1 Capítulo X Manzana
19%
P.1 Capítulo VI Portugal
14%
P.1 Capítulo III Málaga
11%
P.1 Capítulo I Ordinario
11%
P.1 Capítulo XXXIII Platicar
11%
P.1 Testimonio de las Erratas Teólogos
7%
No se encontraron pruebas coincidentes
Distribución de puntuación
Porcentaje de gente con cada puntuación
Porcentaje por número respondido
Historial de tus puntuaciones
No has intentado esta prueba desde el último reinicio